00710nam a22002053 450000100060000000300080000600500170001400800370003103500190006804000270008704100080011408200210012210000290014324500840017226000590025630000210031550400510033665000680038765100490045527583BD-RjUL20211209051156.0140325r19671913nyu b 001 0 d a(BD-RjUL)27657 aDLCbengcDLCdBD-RjUL aeng04a977.01bPHW 19671 aPhillips, Paul Chrisler.14aThe West in the diplomacy of the American revolution /cPaul Chrisler Phillips. aNew York :bRussell & Russell,cc1913 [reissued 1967]. a247 p. ;c22 cm. aIncludes bibliographical references and index. 0aMississippi River Valley vHistoryxRevolution,y1775-1783.  0aUnited StatesxForeign relationsy1775-1783.